|
|
|
|
| LEADER |
01317nam a22003494a 4500 |
| 001 |
EBC267005 |
| 003 |
MiAaPQ |
| 005 |
20200520144314.0 |
| 006 |
m o d | |
| 007 |
cr cn||||||||| |
| 008 |
030425s2003 enk sb 001 0 eng |
| 020 |
|
|
|z 1844070263 (pbk.)
|
| 020 |
|
|
|z 1844070255 (hardback)
|
| 035 |
|
|
|a (MiAaPQ)EBC267005
|
| 035 |
|
|
|a (Au-PeEL)EBL267005
|
| 035 |
|
|
|a (CaPaEBR)ebr10141232
|
| 035 |
|
|
|a (CaONFJC)MIL74765
|
| 035 |
|
|
|a (OCoLC)437171229
|
| 040 |
|
|
|a MiAaPQ
|c MiAaPQ
|d MiAaPQ
|
| 050 |
|
4 |
|a HC85
|b .M36 2003
|
| 082 |
0 |
4 |
|a 333.7
|2 21
|
| 245 |
0 |
0 |
|a Managing natural resources for sustainable livelihoods
|h [electronic resource] :
|b uniting science and participation /
|c edited by Barry Pound ... [et al.].
|
| 260 |
|
|
|a London ;
|a Sterling, VA :
|b Earthscan,
|c c2003.
|
| 300 |
|
|
|a xix, 252 p.
|
| 504 |
|
|
|a Includes bibliographical references and index.
|
| 533 |
|
|
|a Electronic reproduction. Ann Arbor, MI : ProQuest, 2015. Available via World Wide Web. Access may be limited to ProQuest affiliated libraries.
|
| 650 |
|
0 |
|a Natural resources
|x Management.
|
| 650 |
|
0 |
|a Environmental policy.
|
| 655 |
|
4 |
|a Electronic books.
|
| 700 |
1 |
|
|a Pound, Barry.
|
| 710 |
2 |
|
|a ProQuest (Firm)
|
| 856 |
4 |
0 |
|u https://ebookcentral.proquest.com/lib/matrademy/detail.action?docID=267005
|z Click to View
|